| 000 | 01941cam a22005054i 4500 | ||
|---|---|---|---|
| 003 | PE-LiUPU | ||
| 005 | 20250731184606.0 | ||
| 008 | 150616s r 000 0 d | ||
| 020 | _a0306449501 | ||
| 035 | _a(Sirsi) i9780306449505 | ||
| 040 |
_aPE-LiUPU _bspa _cPE-LiUPU _erda |
||
| 049 | _aPRUA | ||
| 082 | 0 | 4 |
_a933 _bW12 _221 |
| 100 | 1 |
_aWachsmann, Shelley, _eautor. |
|
| 245 | 1 | 4 |
_aThe Sea of Galilee Boat: An Extraordinary 2000 Year old Discovery / _cShelley Wachsmann. |
| 264 | 1 |
_aLondon : _bPlenum Press, _c1995. |
|
| 300 |
_a420 páginas ; _c22 centímetros |
||
| 336 |
_atext _2rdacontent |
||
| 337 |
_aunmediated _2rdamedia |
||
| 338 |
_avolume _2rdacarrier |
||
| 505 | 0 | _aThe boat that made rainbows.- A sea of legends.-The excavation fron hell.- Galilean seafarin in the gospels.- Yep, it's an old boat.- The first jewish naval battle.- The impossible we do immediately; miracles take a little longer.- A pide of scholars.- Good nignt, sleeping beauty. | |
| 526 | _aP136 | ||
| 526 | _aP135 | ||
| 526 | _aP134 | ||
| 526 | _aP133 | ||
| 526 | _aP144 | ||
| 526 | _aP143 | ||
| 526 | _aP87 | ||
| 526 | _aP35 | ||
| 526 | _aP20 | ||
| 526 | _aP14 | ||
| 526 | _aP10 | ||
| 526 | _aP06 | ||
| 650 | 0 | 4 |
_aArqueología subacuática _zIsrael - Lago Tiberíades . |
| 650 | 0 | 4 |
_aArqueología _xBarcos _zIsrael. |
| 650 | 0 | 4 |
_aExcavaciones (Arqueología) _zIsrael - Lago Tiberíades. |
| 650 | 0 | 4 |
_aLago Tiberíades (Israel) _xAntigüedades. |
| 910 |
_ajck _bjvq _cjck |
||
| 942 |
_2ddc _cBOOK |
||
| 949 |
_a933 W12 _wDEWEY _c1 _i41349 _lCCODEBUL1 _mBUL _r0 _sY _tBOOK _u2015-6-16 _xTEOLOGIA _zUNKNOWN _0COMPRA _o.STAFF. Colección General |
||
| 994 |
_aC0 _bPEPRU |
||
| 596 | _a1 | ||
| 999 |
_a933 W12 _wDEWEY _c59014 _i41349 _f2021-11-11 _g5 _lCCODEBUL1 _mBUL _r0 _sY _tBOOK _u2015-6-16 _xTEOLOGIA _zUNKNOWN _0COMPRA _o.STAFF. Colección General _d59014 |
||
| 980 |
_81 _gALBERTO SANCHEZ Responsable de Automatización |
||